000
00261nam a22001097a 4500
008
160523b xxu||||| |||| 00| 0 eng d
020
_a
0395875404
041
_a
eng
080
_a
316.77
245
_a
Television & radio announcing:
_c
Stuart Hyde:
942
_2
udc
_c
BK
999
_c
2374
_d
2374